000
00309nam a22001337a 4500
003
SGT
020
_a
978-93-83692-44-6
082
_a
630
_b
WAL
100
_a
WALIA, U.S.
245
_a
WEEDS IDENTIFICATION AND MEDICINAL USE
260
_a
INDIA
_b
SCIENTIFIC PUB.
_c
2019
300
_a
137
942
_2
ddc
_c
BK
_0
4
999
_c
19465
_d
19465